Planned building maintenance : a guide for practitioners

Bibliographic Details
Corporate Authors: Building Surveyors Division, The Royal Institute of Chartered Surveyors
Format: Book
Published: London : The Royal Institute of Charted Surveyors , 1980
Subjects:

MARC

LEADER 00000cam a2200000 7i4500
001 0000003978
005 20050614.0
020 |a 01433342 
040 |a INS 
090 0 0 |a TH3351   |b P7123 1980 
245 1 0 |a Planned building maintenance :   |b a guide for practitioners   |c The building Surveyors Division of the Royal Institute of Charted Surveyors 
260 |a London :   |b The Royal Institute of Charted Surveyors ,   |c 1980 
300 |a 15p. ;   |c 30 cm. 
650 0 0 |a Buildings   |x Maintenance 
650 0 0 |a Buildings   |x Management 
710 2 |a Building Surveyors Division 
710 2 |a The Royal Institute of Chartered Surveyors 
999 |a 0000001736   |b BOOK   |c Open Shelf   |e Default branch